New Zealand rugby union matches (2020 - …). - Statistics

General Stats
  • This quiz has been taken 115 times
    31 since last reset
  • The average score is 13 of 14
Answer Stats
Opponents % Correct
7 Argentina
100%
11 Australia
100%
1 England
100%
2 Fiji
100%
2 France
100%
4 Ireland
100%
6 South Africa
100%
1 Tonga
97%
1 United States
97%
2 Wales
97%
1 Italy
93%
1 Scotland
93%
1 Japan
86%
1 Namibia
83%
No matching quizzes found
Score Distribution
Percent of People with Each Score
Percentile by Number Answered
Your Score History
You have not taken this quiz since the last reset